000 00271nam a22001097a 4500
082 _a160
100 _aDhaka, Baljit Sir
_981913
245 _aSSC REASONING 7200 TCS MCQ Chapterwisw
260 _aDelhi
_bPinnacle Publication
_c2023
650 _aReasoning
_9207
942 _cBK
999 _c66143
_d66143